LIBRARY & INFORMATION CENTRE, KCAET, TAVANUR

ONLINE PUBLIC ACCESS CATALOGUE (OPAC)

Manushyanum bahirakasavum / | മനുഷ്യനും ബഹിരാകാശവും (Record no. 19492)

MARC details
000 -LEADER
fixed length control field 00453nam a22001577a 4500
003 - CONTROL NUMBER IDENTIFIER
control field OSt
008 - FIXED-LENGTH DATA ELEMENTS--GENERAL INFORMATION
fixed length control field 250902b |||||||| |||| 00| 0 eng d
041 ## - LANGUAGE CODE
Language code of text/sound track or separate title eng
082 ## - DEWEY DECIMAL CLASSIFICATION NUMBER
Classification number 520
Item number ARU/MA
100 ## - MAIN ENTRY--AUTHOR NAME
Personal name Arun D. I
245 ## - TITLE STATEMENT
Title Manushyanum bahirakasavum /
Remainder of title മനുഷ്യനും ബഹിരാകാശവും
260 ## - PUBLICATION, DISTRIBUTION, ETC. (IMPRINT)
Place of publication Thiruvananthapuram :
Name of publisher Chintha Publishers,
Year of publication 2024.
300 ## - PHYSICAL DESCRIPTION
Number of Pages 264 p.
700 ## - ADDED ENTRY--PERSONAL NAME
Personal name Sasikumar, P
942 ## - ADDED ENTRY ELEMENTS (KOHA)
Koha item type Books
Holdings
Withdrawn status Lost status Damaged status Home library Current library Date acquired Source of acquisition Cost, normal purchase price Full call number Accession Number Koha item type
      KAUAET KAUAET 02/09/2025 Donated by KT Jaleel MLA 370.00 520 ARU/MA 26289 Books
free website counter